书目信息 |
| 题名: |
船舶概论
|
|
| 作者: | ;武汉水运工程学院 编 | |
| 分册: | ||
| 出版信息: | 北京 人民交通出版社 1979 |
|
| 页数: | 214页 | |
| 开本: | 26cm | |
| 丛书名: | ||
| 单 册: | ||
| 中图分类: | U66 | |
| 科图分类: | ||
| 主题词: | 船舶工程 | |
| 电子资源: | ||
| ISBN: | ||
| 000 | 00598nam0 2200229 45 | |
| 001 | 0179003330 | |
| 005 | 20040518085104.2 | |
| 010 | @dCNY1.15 | |
| 091 | @a15044.5376 | |
| 100 | @a19950728d1979 em y0chiy0121 ea | |
| 101 | 0 | @achi |
| 102 | @aCN@b110000 | |
| 105 | @ay z 000yy | |
| 106 | @ar | |
| 200 | 10 | @a船舶概论@Achuan bo gai lun@f武汉水运工程学院编 |
| 210 | @a北京@c人民交通出版社@d1979 | |
| 215 | @a214页@d26cm | |
| 606 | 0 | @a船舶工程 |
| 690 | @aU66 | |
| 711 | 02 | @a武汉水运工程学院@Awu han shui yun gong cheng xue yuan@4编 |
| 801 | 0 | @aCN@bNLC@c20040518 |
| 905 | @f1@b11099@dU66@e76 | |
| 船舶概论/武汉水运工程学院编.-北京:人民交通出版社,1979 |
| 214页;26cm |
| ISBN :CNY1.15 |
| ● |
| 相关链接 |
|
|
|
|
正题名:船舶概论
索取号:U66/76
 
预约/预借
| 序号 | 登录号 | 条形码 | 馆藏地/架位号 | 状态 | 备注 |
| 1 | 0011099 | 001484156 | 第二样本阅览室/ [索取号:U66/76] | 在馆 |